[Event "C.to provinciale CO"]
[Site "Erba ITA"]
[Date "2015.01.17"]
[Round "1"]
[White "Bernasconi, Roberto"]
[Black "Zerboni, Giuseppe"]
[WhiteElo "1870"]
[BlackElo "1525"]
[Result "1-0"]
[PlyCount "119"]
[EventDate "2015.01.17"]

1. e4 e5 2. Nf3 Nc6 3. Nc3 Nf6 4. Bb5 a6 5. Bxc6 dxc6 6. h3 Bd6 7. O-O Be6 8.
d3 h6 9. Be3 Qe7 10. Ne2 Nd7 11. Ng3 O-O-O 12. c4 Rhf8 13. Qe2 f5 14. exf5 Bxf5
15. Nxf5 Rxf5 16. Nd2 Bc5 17. Ne4 Bd4 18. Rab1 Nc5 19. Qg4 Rdf8 20. Ng3 Qd7 21.
Nxf5 Rxf5 22. Bxd4 exd4 23. Rfe1 Rf8 24. Qxd7+ Kxd7 25. Rbd1 Kd6 26. Kf1 Na4
27. Rd2 c5 28. Rde2 Rf7 29. a3 a5 30. g3 Kd7 31. Kg2 c6 32. b3 Nc3 33. Re5 b6
34. f4 Kd6 35. Kf3 Rf6 36. Re8 Rf7 37. R8e6+ Kd7 38. g4 Nd1 39. f5 Ne3 40. Re2
Rf6 41. Rxf6 gxf6 42. Rxe3 dxe3 43. Kxe3 Kd6 44. Ke4 Kd7 45. a4 Ke7 46. Kf4 Kf7
47. h4 Ke7 48. g5 h5 49. gxf6+ Kxf6 50. Ke4 Ke7 51. Ke5 Kf7 52. f6 Kg8 53. Kf5
Kf7 54. Kg5 Kg8 55. Kxh5 Kh7 56. Kg5 Kg8 57. Kf5 Kf7 58. h5 Kg8 59. Ke6 Kf8 60.
h6 1-0

[Event "C.to provinciale CO"]
[Site "Erba ITA"]
[Date "2015.01.17"]
[Round "1"]
[White "Bettinelli, Sergio"]
[Black "Corti, Filippo"]
[WhiteElo "1404"]
[BlackElo "1587"]
[Result "0-1"]
[PlyCount "56"]
[EventDate "2015.01.17"]

1. e4 c6 2. Nf3 d5 3. Nc3 Bg4 4. Be2 e6 5. d4 Nf6 6. e5 Nfd7 7. Be3 a6 8. a3 c5
9. Na4 cxd4 10. Qxd4 Bf5 11. Rc1 Nc6 12. Qd2 b5 13. Nc3 Ndxe5 14. Nxe5 Nxe5 15.
O-O Be7 16. Na2 Nc4 17. Qc3 Bf6 18. Bd4 e5 19. Bc5 Rc8 20. Qb4 Qc7 21. Bxc4
Qxc5 22. Bxb5+ axb5 23. Nc3 Qxb4 24. axb4 Rxc3 25. bxc3 O-O 26. f4 e4 27. c4
dxc4 28. Ra1 Bxa1 0-1

[Event "C.to provinciale CO"]
[Site "Erba ITA"]
[Date "2015.01.17"]
[Round "1"]
[White "Buonocore, Elio"]
[Black "Mauri, Agostino"]
[WhiteElo "2173"]
[BlackElo "1572"]
[Result "1-0"]
[PlyCount "47"]
[EventDate "2015.01.17"]

1. e4 c5 2. Nf3 d6 3. d4 cxd4 4. Nxd4 Nf6 5. Nc3 a6 6. Be3 e6 7. f3 Qc7 8. Qd2
Be7 9. g4 Nc6 10. O-O-O Ne5 11. g5 Nfd7 12. f4 Nc4 13. Bxc4 Qxc4 14. f5 Ne5 15.
f6 gxf6 16. gxf6 Bxf6 17. Bg5 Bxg5 18. Qxg5 Ng6 19. Nf5 exf5 20. Nd5 h6 21. Qf6
Qxa2 22. Qxd6 Qa1+ 23. Kd2 Qa5+ 24. b4 1-0

[Event "C.to provinciale CO"]
[Site "Erba ITA"]
[Date "2015.01.17"]
[Round "1"]
[White "Campanella, Nicola"]
[Black "Prete, Alessandro"]
[WhiteElo "1440"]
[BlackElo "1752"]
[Result "0-1"]
[PlyCount "30"]
[EventDate "2015.01.17"]

1. d4 b6 2. e4 Bb7 3. Nc3 e6 4. Bd3 Bb4 5. a3 Bxc3+ 6. bxc3 f5 7. Qe2 Nf6 8.
Bg5 fxe4 9. Bc4 O-O 10. Nh3 Nc6 11. O-O Ne7 12. Be3 Qe8 13. Rab1 Nfd5 14. Qd2
Qg6 15. Nf4 Nxf4 0-1

[Event "C.to provinciale CO"]
[Site "Erba ITA"]
[Date "2015.01.17"]
[Round "1"]
[White "Coppola, Guido"]
[Black "Crippa, Matteo"]
[WhiteElo "1987"]
[BlackElo "1559"]
[Result "1-0"]
[PlyCount "59"]
[EventDate "2015.01.17"]

1. e4 e5 2. Nf3 Nc6 3. d4 exd4 4. Bc4 Bc5 5. O-O Nf6 6. e5 d5 7. exf6 dxc4 8.
Re1+ Be6 9. Ng5 Qxf6 10. Nxe6 fxe6 11. Qh5+ g6 12. Qxc5 O-O-O 13. Bg5 Qf8 14.
Qxf8 Rdxf8 15. Nd2 Rf5 16. Nf3 h6 17. Bd2 e5 18. Re4 g5 19. Rae1 Rhf8 20. h3 h5
21. a3 a5 22. Bxg5 d3 23. cxd3 cxd3 24. Bd2 Rxf3 25. gxf3 Rxf3 26. Kg2 Rf5 27.
R1e3 Rg5+ 28. Rg3 Rf5 29. Rxd3 Nd4 30. Rexd4 1-0

[Event "C.to provinciale CO"]
[Site "Erba ITA"]
[Date "2015.01.17"]
[Round "1"]
[White "Iachelini, Gianfranco"]
[Black "Falchi, Claudio"]
[WhiteElo "1470"]
[BlackElo "1852"]
[Result "0-1"]
[PlyCount "72"]
[EventDate "2015.01.17"]

1. e4 e6 2. Nf3 d5 3. exd5 exd5 4. d4 Nc6 5. Bb5 Bd6 6. O-O Nge7 7. c4 dxc4 8.
Bxc4 O-O 9. Bb3 Bf5 10. Nc3 a6 11. a3 Bg4 12. Qd3 Bxf3 13. Bc2 Ng6 14. Qxf3
Nxd4 15. Qd3 Nxc2 16. Qxc2 Qh4 17. g3 Qh3 18. Qe4 Ne5 19. Ne2 Ng4 20. Qh1 Rae8
21. Nf4 Bxf4 22. Bxf4 Re6 23. Rfe1 Rfe8 24. Rxe6 Rxe6 25. Bxc7 Rh6 26. Re1 Re6
27. Rxe6 fxe6 28. Bb6 Qh6 29. f4 Qg6 30. Bd4 Qb1+ 31. Kg2 Qe4+ 32. Kg1 Qxd4+
33. Kg2 Qe4+ 34. Kg1 Qe1+ 35. Kg2 Qe2+ 36. Kh3 Nf2+ 0-1

[Event "C.to provinciale CO"]
[Site "Erba ITA"]
[Date "2015.01.17"]
[Round "1"]
[White "La Fontana, Stefano"]
[Black "Bonuglia, Gabriele"]
[WhiteElo "1664"]
[BlackElo "1407"]
[Result "1-0"]
[PlyCount "109"]
[EventDate "2015.01.17"]

1. e4 c5 2. d4 cxd4 3. Nf3 d6 4. Nxd4 e5 5. Nb3 Nf6 6. Nc3 Nc6 7. Be2 Be7 8.
O-O O-O 9. f4 Qb6+ 10. Kh1 Be6 11. f5 Bxb3 12. axb3 Rad8 13. Bc4 Qd4 14. Qf3
Qb6 15. Be3 Nd4 16. Qd1 a6 17. Nd5 Nxd5 18. Bxd5 Qc7 19. c3 Nb5 20. c4 Nd4 21.
Bxd4 exd4 22. Qxd4 Bf6 23. Qd2 Qb6 24. Rf3 Rfe8 25. g4 h6 26. Ra4 Bg5 27. Qf2
Qxf2 28. Rxf2 Re7 29. Rb4 b6 30. Kg2 Rb8 31. Ra4 a5 32. Ra1 Kh7 33. Kf3 g6 34.
Rh1 gxf5 35. gxf5 Bf6 36. Rg2 b5 37. Ra1 bxc4 38. bxc4 Bxb2 39. Rb1 Rb3+ 40.
Kg4 a4 41. Rgxb2 Rxb2 42. Rxb2 a3 43. Ra2 Ra7 44. Kf4 h5 45. e5 dxe5+ 46. Kxe5
Kh6 47. c5 Kg5 48. Rg2+ Kh4 49. c6 Kh3 50. Kd6 h4 51. c7 Rxc7 52. Kxc7 f6 53.
Kd6 a2 54. Rxa2 Kg4 55. Ke6 1-0

[Event "C.to provinciale CO"]
[Site "Erba ITA"]
[Date "2015.01.17"]
[Round "1"]
[White "Mason, Giovanni"]
[Black "Gonella, Graziano"]
[WhiteElo "1574"]
[BlackElo "1180"]
[Result "1-0"]
[PlyCount "153"]
[EventDate "2015.01.17"]

1. e4 e5 2. Nf3 Nc6 3. d4 exd4 4. Nxd4 Bc5 5. Be3 Qe7 6. Nc3 a6 7. Nxc6 bxc6 8.
Bxc5 Qxc5 9. Qd2 Nf6 10. Be2 d6 11. O-O O-O 12. Kh1 Re8 13. Bf3 Qb4 14. a3 Qb6
15. b4 Bb7 16. h3 Qa7 17. Rfe1 Rad8 18. Rad1 Qb8 19. Qg5 Re5 20. Qc1 Qa7 21.
Re2 a5 22. Qb2 Ba6 23. Red2 Rb8 24. Ra1 Bc8 25. Kh2 axb4 26. axb4 Qc5 27. bxc5
Rxb2 28. cxd6 cxd6 29. Ra8 Re8 30. Rxd6 Bd7 31. Rxe8+ Bxe8 32. e5 Rxc2 33. exf6
Rxc3 34. fxg7 Kxg7 35. Rd8 Kf8 36. Rc8 Ke7 37. Bg4 h6 38. Rb8 Rd3 39. Rb4 Rd6
40. Rb2 Kf8 41. g3 Kg7 42. h4 Bd7 43. Bxd7 Rxd7 44. f4 f5 45. h5 Kf6 46. Rc2
Rd6 47. Rc5 Rd2+ 48. Kh3 Rd6 49. Kh4 Kg7 50. Rxf5 Rd1 51. Rc5 Rh1+ 52. Kg4 Rf1
53. Rxc6 Re1 54. Kf5 Re7 55. Rg6+ Kh8 56. g4 Rf7+ 57. Rf6 Kg7 58. Rxf7+ Kxf7
59. Ke5 Ke7 60. Kf5 Kf7 61. g5 hxg5 62. Kxg5 Kg7 63. h6+ Kh7 64. Kf6 Kxh6 65.
f5 Kh7 66. Kf7 Kh6 67. f6 Kg5 68. Ke7 Kf5 69. f7 Ke5 70. f8=Q Ke4 71. Ke6 Kd4
72. Qd6+ Ke4 73. Qb4+ Kf3 74. Ke5 Ke2 75. Ke4 Kf2 76. Qb3 Ke2 77. Qb2+ 1-0

[Event "C.to provinciale CO"]
[Site "Erba ITA"]
[Date "2015.01.17"]
[Round "1"]
[White "Paone, Mario"]
[Black "Turati, Pierangelo"]
[WhiteElo "1440"]
[BlackElo "1691"]
[Result "1/2-1/2"]
[PlyCount "81"]
[EventDate "2015.01.17"]

1. d4 d5 2. g3 c6 3. Bg2 Nf6 4. Nf3 g6 5. c3 Bg7 6. Bf4 O-O 7. Qc1 Nbd7 8. Bh6
Re8 9. Bxg7 Kxg7 10. O-O e5 11. dxe5 Nxe5 12. Re1 Bg4 13. Nxe5 Rxe5 14. e3 Qd7
15. Nd2 h5 16. Nf3 Bxf3 17. Bxf3 h4 18. Qc2 hxg3 19. hxg3 Rh8 20. Kg2 Qh3+ 21.
Kg1 Ne4 22. Bg2 Qh2+ 23. Kf1 Nxg3+ 24. fxg3 Rf5+ 25. Qxf5 gxf5 26. Kf2 Rh3 27.
Rg1 Rxg3 28. Rae1 Qh4 29. Rh1 Rh3+ 30. Ke2 Qg4+ 31. Kf2 Qg3+ 32. Kf1 Rxh1+ 33.
Bxh1 Kf6 34. Bg2 Kg5 35. Re2 f4 36. exf4+ Qxf4+ 37. Kg1 f5 38. a3 Qg4 39. Kf2
Qf4+ 40. Ke1 Qc1+ 41. Kf2 1/2-1/2

[Event "C.to provinciale CO"]
[Site "Erba ITA"]
[Date "2015.01.17"]
[Round "1"]
[White "Primerano, Carlo"]
[Black "Gatti, Daniele Guglielmo"]
[WhiteElo "1706"]
[BlackElo "1440"]
[Result "1-0"]
[PlyCount "101"]
[EventDate "2015.01.17"]

1. d4 d5 2. c4 c6 3. cxd5 cxd5 4. Nf3 Nf6 5. Nc3 e6 6. Bf4 Bb4 7. e3 O-O 8. Bd3
Nbd7 9. O-O Bxc3 10. bxc3 a6 11. c4 dxc4 12. Bxc4 b5 13. Bd3 Bb7 14. Qe2 Rc8
15. Rfc1 Qa5 16. Qd2 Qxd2 17. Nxd2 Rxc1+ 18. Rxc1 Rc8 19. Rxc8+ Bxc8 20. Nb3
Nb6 21. Na5 Bd7 22. e4 Na4 23. f3 Ne8 24. a3 f6 25. Kf2 g5 26. Bg3 h5 27. h3 h4
28. Bb8 Ng7 29. Nb7 Nb2 30. Be2 Nh5 31. Nc5 Bc8 32. d5 exd5 33. exd5 Na4 34.
Nxa4 bxa4 35. Ke3 Ng3 36. Bxg3 hxg3 37. Kd4 Bxh3 38. Bf1 Bc8 39. Kc5 Kf8 40.
Bd3 Bh3 41. Bf1 Bc8 42. Kb6 Ke7 43. Kc7 Bf5 44. d6+ Ke8 45. Bxa6 Kf7 46. d7
Bxd7 47. Kxd7 Kg6 48. Ke6 Kh5 49. Kxf6 Kh4 50. Bb5 Kh5 51. Bxa4 1-0

[Event "C.to provinciale CO"]
[Site "Erba ITA"]
[Date "2015.01.17"]
[Round "1"]
[White "Revinelli, Sergio"]
[Black "Rizzi, Pierantonio"]
[WhiteElo "1828"]
[BlackElo "1441"]
[Result "1-0"]
[PlyCount "87"]
[EventDate "2015.01.17"]

1. e4 c5 2. Nf3 Nc6 3. d4 cxd4 4. Nxd4 e5 5. Nb5 d6 6. c4 a6 7. N5c3 Nf6 8. Be2
Nd4 9. O-O Be7 10. Na3 O-O 11. Nc2 Ne6 12. Ne3 Nc5 13. Qc2 Ne6 14. Ned5 Nd4 15.
Qd3 Nd7 16. Be3 Nc5 17. Qd2 Be6 18. Bxd4 exd4 19. Qxd4 b6 20. Rad1 Rb8 21.
Nxe7+ Qxe7 22. Qxd6 Qg5 23. Qg3 Qh6 24. Rd6 g6 25. Rfd1 Qg7 26. h3 a5 27. R6d4
Na6 28. Bg4 Bxg4 29. Qxg4 h6 30. Qe2 Rfe8 31. Qd2 Nc5 32. f3 Ne6 33. Rd6 g5 34.
Qf2 Rec8 35. Rxb6 Ra8 36. Rd7 Rxc4 37. Rxe6 Rcc8 38. Ree7 Rf8 39. Qd4 Qg6 40.
Nd5 Ra6 41. Ra7 Re6 42. Rxe6 Qxe6 43. Nf6+ Kg7 44. Ne8+ 1-0

[Event "C.to provinciale CO"]
[Site "Erba ITA"]
[Date "2015.01.17"]
[Round "1"]
[White "Romano', Ido"]
[Black "Rossini, Fulvio"]
[WhiteElo "1527"]
[BlackElo "1984"]
[Result "0-1"]
[PlyCount "74"]
[EventDate "2015.01.17"]

1. Nf3 c5 2. e4 Nc6 3. Bc4 g6 4. c3 Bg7 5. O-O d6 6. h3 Nf6 7. d3 O-O 8. Bg5
Rb8 9. Re1 Qc7 10. Nbd2 e6 11. Rb1 b5 12. Bb3 Nd7 13. Bf4 Bb7 14. Bc2 e5 15.
Bg3 h6 16. c4 b4 17. b3 Rbe8 18. Qe2 Qd8 19. Qe3 Ne7 20. Nh4 f5 21. exf5 g5 22.
Ng6 Nxf5 23. Qe2 Nd4 24. Qd1 Rf6 25. Nh4 gxh4 26. Bxh4 Ref8 27. Bxf6 Qxf6 28.
Rf1 Qg6 29. f3 Nf6 30. Ne4 Nh5 31. Rf2 Bf6 32. Nxf6+ Rxf6 33. Kf1 Qg3 34. Qd2
Nf4 35. Rb2 Qh2 36. Ke1 Qh1+ 37. Rf1 Nxg2+ 0-1

[Event "C.to provinciale CO"]
[Site "Erba ITA"]
[Date "2015.01.17"]
[Round "1"]
[White "Salvade', Ettore"]
[Black "Bellotto, Stefano"]
[WhiteElo "1565"]
[BlackElo "2009"]
[Result "0-1"]
[PlyCount "50"]
[EventDate "2015.01.17"]

1. e4 g6 2. Nf3 Bg7 3. Bc4 d6 4. d4 Nf6 5. Nc3 O-O 6. Bf4 Nxe4 7. Nxe4 d5 8.
Bxc7 Qxc7 9. Bxd5 Qa5+ 10. Nc3 Rd8 11. Bb3 Nc6 12. O-O Nxd4 13. Nxd4 Rxd4 14.
Qf3 Qf5 15. Qxf5 Bxf5 16. Nd1 Rd2 17. c3 e6 18. a4 Bd3 19. Re1 a5 20. h3 Bf8
21. Ba2 Bc5 22. Bb3 Rd8 23. Ra2 Be2 24. Ne3 R8d3 25. Bc4 Rxe3 0-1

[Event "C.to provinciale CO"]
[Site "Erba ITA"]
[Date "2015.01.18"]
[Round "2"]
[White "Bellotto, Stefano"]
[Black "Revinelli, Sergio"]
[WhiteElo "2009"]
[BlackElo "1828"]
[Result "1/2-1/2"]
[PlyCount "33"]
[EventDate "2015.01.17"]

1. c4 c6 2. Nf3 Nf6 3. g3 d5 4. b3 g6 5. Bb2 Bg7 6. Bg2 O-O 7. O-O Nbd7 8. d3
Re8 9. Nbd2 e5 10. e4 dxe4 11. Nxe4 Nxe4 12. dxe4 Qc7 13. Qc2 b6 14. Bc3 Bb7
15. a4 a5 16. Rfd1 Rad8 17. Ne1 1/2-1/2

[Event "C.to provinciale CO"]
[Site "Erba ITA"]
[Date "2015.01.18"]
[Round "2"]
[White "Bonuglia, Gabriele"]
[Black "Romano', Ido"]
[WhiteElo "1407"]
[BlackElo "1527"]
[Result "1/2-1/2"]
[PlyCount "194"]
[EventDate "2015.01.17"]

1. d4 Nf6 2. c4 e6 3. Nc3 Bb4 4. Bd2 d5 5. e3 Nc6 6. Bd3 Bd7 7. Nge2 a6 8. O-O
O-O 9. a3 Bd6 10. c5 Bxh2+ 11. Kxh2 Ng4+ 12. Kg1 Qh4 13. Re1 Nxf2 14. Bxh7+
Kxh7 15. Qc2+ Kg8 16. g3 Nh3+ 17. Kg2 Qg4 18. Rh1 Ng5 19. Raf1 Ne4 20. Nxe4
Qxe4+ 21. Qxe4 dxe4 22. Rh4 f5 23. Bc3 Ne7 24. g4 Nd5 25. Bd2 Bb5 26. Rf2 Rf7
27. Nf4 g5 28. Nxd5 gxh4 29. Nc3 Bc6 30. gxf5 Rxf5 31. Rxf5 exf5 32. Be1 Rf8
33. Bxh4 f4 34. d5 f3+ 35. Kf2 Be8 36. Nxe4 Bg6 37. Nd2 Rf5 38. e4 Rf7 39. b4
Rd7 40. a4 Bh5 41. b5 axb5 42. axb5 c6 43. bxc6 bxc6 44. d6 Kf7 45. Nc4 Rb7 46.
Ne5+ Ke6 47. Nxc6 Rb2+ 48. Kf1 Rb1+ 49. Be1 Be8 50. Nd4+ Ke5 51. Nxf3+ Kxe4 52.
Nd2+ Kd5 53. Nxb1 Kxc5 54. Bg3 Kc6 55. Kf2 Bd7 56. Nc3 Bh3 57. Ke3 Kd7 58. Kd4
Kc6 59. Ke5 Kd7 60. Ne4 Kc6 61. Kf6 Kd7 62. Nc5+ Kc6 63. Ne6 Kd7 64. Ng5 Bg4
65. Nf7 Kc8 66. Ke7 Bh3 67. Nd8 Bd7 68. Be5 Ba4 69. Ne6 Bd7 70. Nc5 Bb5 71. Na6
Bd7 72. Nb8 Ba4 73. Bf4 Bb5 74. Ke6 Bc4+ 75. Ke7 Bb5 76. Na6 Bd7 77. Nb4 Bb5
78. Nd5 Bc6 79. Nb6+ Kb7 80. Nd7 Kc8 81. Ne5 Ba4 82. Nc4 Bc6 83. Ke6 Bb5 84.
Kd5 Kb7 85. Kc5 Be8 86. Na5+ Kc8 87. Kb6 Bd7 88. Nc6 Be8 89. Na7+ Kd7 90. Nc6
Kc8 91. Ne7+ Kd7 92. Kb7 Bf7 93. Be5 Be8 94. Nd5 Bf7 95. Nb6+ Kd8 96. d7 Bd5+
97. Nxd5 Kxd7 1/2-1/2

[Event "C.to provinciale CO"]
[Site "Erba ITA"]
[Date "2015.01.18"]
[Round "2"]
[White "Corti, Filippo"]
[Black "Coppola, Guido"]
[WhiteElo "1587"]
[BlackElo "1987"]
[Result "0-1"]
[PlyCount "82"]
[EventDate "2015.01.17"]

1. Nf3 g6 2. g3 Bg7 3. Bg2 d6 4. d3 c5 5. Nc3 Nc6 6. O-O e6 7. e4 Nge7 8. Be3
O-O 9. Qd2 Nd4 10. Rac1 Rb8 11. Bh6 Nxf3+ 12. Bxf3 b5 13. Bxg7 Kxg7 14. Bg2 b4
15. Ne2 f5 16. exf5 Nxf5 17. d4 c4 18. c3 bxc3 19. Qxc3 Qf6 20. Qxc4 Rxb2 21.
Nf4 Kh8 22. Rfd1 g5 23. Nh5 Qf7 24. Qc3 Rxa2 25. d5+ e5 26. Qxc8 Ne7 27. Qh3
Rxf2 28. Rc7 Rxg2+ 29. Qxg2 Qxh5 30. g4 Qe8 31. Qh3 Qa4 32. Re1 Qb4 33. Qg3
Qb6+ 34. Kh1 Qxc7 35. Qe3 Qc4 36. Qxg5 Qxd5+ 37. Kg1 Ng6 38. h4 Qd4+ 39. Kh1
Qf2 40. Rb1 Qf3+ 41. Kh2 Qe2+ 0-1

[Event "C.to provinciale CO"]
[Site "Erba ITA"]
[Date "2015.01.18"]
[Round "2"]
[White "Falchi, Claudio"]
[Black "Bernasconi, Roberto"]
[WhiteElo "1852"]
[BlackElo "1870"]
[Result "1-0"]
[PlyCount "73"]
[EventDate "2015.01.17"]

1. e4 c5 2. d3 d6 3. Nc3 g6 4. g3 Bg7 5. Bg2 Nf6 6. f4 Nc6 7. Nf3 O-O 8. O-O a6
9. h3 Qc7 10. g4 e6 11. Qe1 Ne7 12. Qh4 Re8 13. Kh1 d5 14. Ng5 h6 15. Nf3 Nd7
16. f5 g5 17. Qf2 d4 18. Ne2 e5 19. h4 f6 20. Ng3 Qd6 21. Nh5 Kf7 22. hxg5 hxg5
23. Bxg5 Rh8 24. Bd2 b6 25. Kh2 Bb7 26. Kg3 Rag8 27. Rh1 Bf8 28. Rh4 a5 29.
Rah1 c4 30. g5 cxd3 31. cxd3 Nc5 32. Nxf6 Rxh4 33. Kxh4 Rh8+ 34. Kg4 Rxh1 35.
Bxh1 Ng8 36. g6+ Kg7 37. Ne8+ 1-0

[Event "C.to provinciale CO"]
[Site "Erba ITA"]
[Date "2015.01.18"]
[Round "2"]
[White "Gatti, Daniele Guglielmo"]
[Black "Campanella, Nicola"]
[WhiteElo "1440"]
[BlackElo "1440"]
[Result "1-0"]
[PlyCount "53"]
[EventDate "2015.01.17"]

1. e4 e6 2. d4 d5 3. exd5 exd5 4. Nf3 Nf6 5. Be2 Be7 6. O-O O-O 7. Bf4 Nh5 8.
Bg3 Nd7 9. c4 Nxg3 10. fxg3 f6 11. cxd5 Nb6 12. Nc3 Bb4 13. Qb3 Bd6 14. Rae1
Bd7 15. Bd3 Be8 16. Qc2 g6 17. g4 Nd7 18. h4 c5 19. h5 Kg7 20. Ne4 Qc7 21. Bb5
Rc8 22. g5 f5 23. h6+ Kg8 24. Bxd7 Bxd7 25. Nf6+ Rxf6 26. gxf6 Kf7 27. Ng5+ 1-0

[Event "C.to provinciale CO"]
[Site "Erba ITA"]
[Date "2015.01.18"]
[Round "2"]
[White "Gonella, Graziano"]
[Black "Iachelini, Gianfranco"]
[WhiteElo "1180"]
[BlackElo "1470"]
[Result "1-0"]
[PlyCount "33"]
[EventDate "2015.01.17"]

1. e4 e5 2. c4 Nf6 3. Nc3 c6 4. d4 Bb4 5. dxe5 Bxc3+ 6. bxc3 Nxe4 7. Qd4 Ng5 8.
Qg4 h6 9. f4 Ne6 10. f5 Ng5 11. h4 Qe7 12. Bf4 Qa3 13. Bd2 h5 14. Qxg5 O-O 15.
f6 g6 16. Qh6 d6 17. Qg7# 1-0

[Event "C.to provinciale CO"]
[Site "Erba ITA"]
[Date "2015.01.18"]
[Round "2"]
[White "Mason, Giovanni"]
[Black "La Fontana, Stefano"]
[WhiteElo "1574"]
[BlackElo "1664"]
[Result "0-1"]
[PlyCount "84"]
[EventDate "2015.01.17"]

1. e4 c5 2. Nf3 d6 3. d4 cxd4 4. Nxd4 Nf6 5. f3 a6 6. c3 e5 7. Nb3 Be6 8. Bg5
Be7 9. N1d2 d5 10. Bxf6 Bxf6 11. Qc2 Qc7 12. exd5 Bxd5 13. Ne4 Be7 14. O-O-O
Be6 15. h4 h6 16. g4 Nd7 17. Bg2 Rc8 18. Kb1 b5 19. Rc1 O-O 20. g5 h5 21. Bf1
Nc5 22. Nbxc5 Bxc5 23. Bd3 Be7 24. Ng3 Rcd8 25. Nxh5 Qc6 26. Be4 Qc4 27. b3 Qc7
28. Rcd1 Rc8 29. Kb2 Qa5 30. Rd3 Rc7 31. Ng3 Rfc8 32. Ne2 Qa3+ 33. Kb1 a5 34.
Qb2 Qc5 35. Rhd1 Rb8 36. Rc1 a4 37. b4 Qb6 38. Rcd1 a3 39. Qd2 g6 40. Ng3 Rbc8
41. h5 Kg7 42. hxg6 fxg6 $138 0-1

[Event "C.to provinciale CO"]
[Site "Erba ITA"]
[Date "2015.01.18"]
[Round "2"]
[White "Mauri, Agostino"]
[Black "Paone, Mario"]
[WhiteElo "1572"]
[BlackElo "1440"]
[Result "1-0"]
[PlyCount "97"]
[EventDate "2015.01.17"]

1. d4 d5 2. c4 dxc4 3. Nc3 e6 4. e4 b6 5. Bxc4 Bb7 6. Nge2 Nf6 7. f3 c5 8. Be3
cxd4 9. Qxd4 Be7 10. Rd1 O-O 11. Qxd8 Rxd8 12. O-O Nc6 13. a3 Ne5 14. Ba2 Ba6
15. b4 Nc4 16. Bc1 Ne5 17. Be3 Bxe2 18. Nxe2 Rxd1 19. Rxd1 Rd8 20. Rxd8+ Bxd8
21. Nc3 Nfd7 22. Kf2 Bf6 23. Nb5 Nc6 24. Bc1 a6 25. Nc7 Ncb8 26. f4 Bd4+ 27.
Ke2 b5 28. f5 e5 29. Kd3 Kf8 30. g4 Nb6 31. Be3 Bxe3 32. Kxe3 Ke7 33. g5 Kd6
34. Ne8+ Ke7 35. Nxg7 Nc6 36. f6+ Kf8 37. Nf5 Na4 38. Kd3 Nb6 39. h4 Nd8 40.
Kc3 Na4+ 41. Kc2 Nb6 42. Bb3 Kg8 43. Kd3 Kf8 44. Ke3 Ne6 45. Bxe6 fxe6 46. Nd6
Na4 47. Kd3 Nb6 48. h5 Na8 49. g6 1-0

[Event "C.to provinciale CO"]
[Site "Erba ITA"]
[Date "2015.01.18"]
[Round "2"]
[White "Prete, Alessandro"]
[Black "Buonocore, Elio"]
[WhiteElo "1752"]
[BlackElo "2173"]
[Result "1-0"]
[PlyCount "69"]
[EventDate "2015.01.17"]

1. d4 f5 2. Bg5 g6 3. Nd2 Bg7 4. e4 fxe4 5. Nxe4 d5 6. Nc5 b6 7. Nb3 Nh6 8. Qd2
Nf7 9. Be3 O-O 10. h4 e5 11. h5 exd4 12. Bxd4 Bxd4 13. Nxd4 c5 14. hxg6 hxg6
15. Nde2 Qf6 16. O-O-O Nc6 17. Nf4 Ne7 18. Nxd5 Nxd5 19. Qxd5 Be6 20. Qf3 Qxf3
21. Nxf3 Bg4 22. Bc4 Bxf3 23. gxf3 Rad8 24. Rxd8 Rxd8 25. Rd1 Rxd1+ 26. Kxd1
Kg7 27. Bxf7 Kxf7 28. Kd2 Ke6 29. f4 b5 30. Ke3 Kd5 31. b3 a6 32. Kd3 c4+ 33.
bxc4+ bxc4+ 34. Ke3 a5 35. c3 1-0

[Event "C.to provinciale CO"]
[Site "Erba ITA"]
[Date "2015.01.18"]
[Round "2"]
[White "Rizzi, Pierantonio"]
[Black "Bettinelli, Sergio"]
[WhiteElo "1441"]
[BlackElo "1404"]
[Result "0-1"]
[PlyCount "50"]
[EventDate "2015.01.17"]

1. Nf3 c5 2. e4 e6 3. c4 Ne7 4. g3 Nbc6 5. e5 Ng6 6. Qe2 Be7 7. Bg2 Qc7 8. O-O
Ncxe5 9. b3 O-O 10. Bb2 Nxf3+ 11. Bxf3 Rb8 12. Nc3 a6 13. Rad1 b6 14. d4 Bb7
15. d5 Bd6 16. dxe6 Bxf3 17. Qxf3 fxe6 18. Qe2 Ne5 19. Ne4 Nf3+ 20. Kh1 Be5 21.
Bxe5 Qxe5 22. Qe3 Rf5 23. Rxd7 Rbf8 24. Rd6 Rh5 25. h4 Rxh4+ 0-1

[Event "C.to provinciale CO"]
[Site "Erba ITA"]
[Date "2015.01.18"]
[Round "2"]
[White "Rossini, Fulvio"]
[Black "Primerano, Carlo"]
[WhiteElo "1984"]
[BlackElo "1706"]
[Result "1-0"]
[PlyCount "113"]
[EventDate "2015.01.17"]

1. e4 d5 2. exd5 Qxd5 3. Nc3 Qa5 4. Nf3 Nf6 5. h3 Bf5 6. Bc4 e6 7. O-O c6 8.
Re1 Nbd7 9. a3 Be7 10. d3 O-O 11. Bf4 Rfe8 12. Nh4 Bg6 13. Nxg6 hxg6 14. Qf3
Nd5 15. b4 Qd8 16. Nxd5 cxd5 17. Bb3 Bf6 18. Rad1 Bg5 19. Bg3 a5 20. c4 Qf6 21.
cxd5 Qxf3 22. gxf3 exd5 23. Bxd5 axb4 24. Rxe8+ Rxe8 25. axb4 Be7 26. Rb1 b6
27. Bf4 Rc8 28. Bc4 Ra8 29. Kf1 Kf8 30. Be3 Bd8 31. Bd5 Ra3 32. Ke2 Nf6 33. Bc4
Nd7 34. Bd4 Bf6 35. Bxf6 gxf6 36. f4 g5 37. Ke3 gxf4+ 38. Kxf4 Ne5 39. Ke4 Nxc4
40. dxc4 Rxh3 41. Ra1 Rh2 42. Ra2 Ke7 43. Kd5 Rh4 44. Ra7+ Kf8 45. Rb7 Rf4 46.
Rxb6 Rxf2 47. Rd6 Ke7 48. Kc5 f5 49. b5 f4 50. b6 f3 51. Rd3 Rf1 52. Rb3 f2 53.
b7 Rd1 54. b8=Q f1=Q 55. Qe5+ Kd7 56. Rb7+ Kd8 57. Qb8# 1-0

[Event "C.to provinciale CO"]
[Site "Erba ITA"]
[Date "2015.01.18"]
[Round "2"]
[White "Turati, Pierangelo"]
[Black "Salvade', Ettore"]
[WhiteElo "1691"]
[BlackElo "1565"]
[Result "1-0"]
[PlyCount "27"]
[EventDate "2015.01.17"]

1. e4 e5 2. Nf3 Nc6 3. d4 exd4 4. Bc4 h6 5. O-O Bc5 6. c3 dxc3 7. Nxc3 Nge7 8.
Bf4 O-O 9. Qc1 Nd4 10. Bxh6 Nxf3+ 11. gxf3 gxh6 12. Qxh6 Bd4 13. Kh1 Bg7 14.
Rg1 1-0

[Event "C.to provinciale CO"]
[Site "Erba ITA"]
[Date "2015.01.18"]
[Round "2"]
[White "Zerboni, Giuseppe"]
[Black "Crippa, Matteo"]
[WhiteElo "1525"]
[BlackElo "1559"]
[Result "1-0"]
[PlyCount "109"]
[EventDate "2015.01.17"]

1. e4 d5 2. exd5 Qxd5 3. Nc3 Qd6 4. d4 Nf6 5. Nf3 Bg4 6. Be2 Nc6 7. Nb5 Qd7 8.
Bf4 Nd5 9. Bg3 a6 10. Nc3 e6 11. Nxd5 exd5 12. O-O Be7 13. c3 O-O 14. Re1 Rae8
15. Rc1 f5 16. Qd2 h6 17. Ne5 Nxe5 18. dxe5 Bxe2 19. Rxe2 g5 20. f4 Bc5+ 21.
Bf2 Bxf2+ 22. Rxf2 g4 23. g3 Qe6 24. Qd4 c6 25. Re2 Re7 26. Rd1 Rh7 27. b3 Rff7
28. c4 Rd7 29. Red2 h5 30. Qc5 h4 31. cxd5 Rxd5 32. Rxd5 cxd5 33. Qxd5 Qxd5 34.
Rxd5 hxg3 35. hxg3 Rc7 36. Rd2 Kf7 37. Kf2 Ke7 38. Ke3 Rc6 39. Kd4 Ke6 40. Rh2
Rc1 41. Rh6+ Ke7 42. Rf6 Rg1 43. Rxf5 Rxg3 44. Rg5 Rg1 45. Ke4 g3 46. Kf3 Ra1
47. Rxg3 Rxa2 48. Rg7+ Ke6 49. Rxb7 a5 50. Rb6+ Ke7 51. e6 Ra3 52. f5 a4 53.
Rb7+ Kf6 54. Kf4 axb3 55. Rf7# 1-0

[Event "C.to provinciale CO"]
[Site "Erba ITA"]
[Date "2015.01.18"]
[Round "3"]
[White "Bernasconi, Roberto"]
[Black "Mauri, Agostino"]
[WhiteElo "1870"]
[BlackElo "1572"]
[Result "1-0"]
[PlyCount "45"]
[EventDate "2015.01.17"]

1. e4 c5 2. Nf3 d6 3. d4 cxd4 4. Nxd4 Nf6 5. Nc3 a6 6. Bg5 e6 7. f4 Be7 8. Qf3
Qc7 9. O-O-O Nbd7 10. g4 b5 11. Bxf6 Nxf6 12. g5 Nd7 13. f5 Nc5 14. f6 gxf6 15.
gxf6 Bf8 16. Rg1 Bb7 17. Bh3 b4 18. Nd5 exd5 19. exd5 Kd8 20. Rg7 Bxg7 21. fxg7
Rg8 22. Re1 Bxd5 23. Qf6+ 1-0

[Event "C.to provinciale CO"]
[Site "Erba ITA"]
[Date "2015.01.18"]
[Round "3"]
[White "Bettinelli, Sergio"]
[Black "Zerboni, Giuseppe"]
[WhiteElo "1404"]
[BlackElo "1525"]
[Result "0-1"]
[PlyCount "64"]
[EventDate "2015.01.17"]

1. e3 d5 2. Nf3 Nf6 3. Be2 c5 4. c4 d4 5. d3 Nc6 6. a3 a5 7. Bd2 e5 8. e4 h6 9.
O-O Bd6 10. Bc1 Rb8 11. Nbd2 b5 12. cxb5 Rxb5 13. Nc4 O-O 14. Qa4 Ba6 15. Bd2
Qc7 16. Nxd6 Qxd6 17. Rab1 Rfb8 18. b4 cxb4 19. axb4 Nxb4 20. Rfc1 Nd7 21. Rc4
Nc5 22. Qd1 Nbxd3 23. Ra1 Nb2 24. Qf1 d3 25. Rc3 dxe2 26. Qc1 Nbd3 27. Qa3 Rb1+
28. Bc1 Nb2 29. h3 Qd1+ 30. Kh2 Rxa1 31. Qxa1 Nxe4 32. Qa2 Nxc3 0-1